US-2 Counties - Statistics

General Stats
  • This quiz has been taken 4 times
  • The average score is 35 of 61
Answer Stats
Hint Answer % Correct
ND Benson
100%
ND Grand Forks
100%
ND Nelson
100%
ND Ward
100%
ND Williams
100%
MN Beltrami
75%
MN Cass
75%
NH Coos
75%
ND Mountrail
75%
ND Pierce
75%
MN Polk
75%
ND Ramsey
75%
MN St Louis
75%
MN Aitkin
50%
ME Aroostook
50%
WI Ashland
50%
WI Bayfield
50%
MT Blaine
50%
ID Bonner
50%
ID Boundary
50%
VT Caledonia
50%
WA Chelan
50%
VT Chittenden
50%
MN Clearwater
50%
NY Clinton
50%
MI Delta
50%
MI Dickinson
50%
WI Douglas
50%
WA Douglas
50%
VT Essex
50%
MT Flathead
50%
WI Florence
50%
ME Franklin
50%
MT Glacier
50%
MI Gogebic
50%
VT Grand Isle
50%
WA Grant
50%
MT Hill
50%
MN Hubbard
50%
MI Iron
50%
WI Iron
50%
MN Itasca
50%
WA King
50%
MT Lincoln
50%
WA Lincoln
50%
MI Mackinac
50%
ND McHenry
50%
MI Menominee
50%
ME Oxford
50%
WA Pend Oreille
50%
ME Penobscot
50%
MT Phillips
50%
MT Roosevelt
50%
MI Schoolcraft
50%
WA Snohomish
50%
ME Somerset
50%
WA Spokane
50%
MT Toole
50%
VT Washington
50%
MT Liberty
25%
MT Valley
25%
No matching quizzes found
Score Distribution
Percent of People with Each Score
Percentile by Number Answered
Your Score History
You have not taken this quiz